000 00744nam a2200253Ia 4500
003 OSt
005 20220923223055.0
006 a|||||r|||| 00| 0
007 ta
008 220922b |||||||| |||| 00| 0 hin d
024 _a210,775
037 _cTextual
040 _aARTS
_cARTS
_bhin
041 _2hin
_ahin
082 _aO152,3N33,MA, M6
100 _aमुद्राराक्षस
245 0 _aमकबरा
246 _aMakabarā
260 _aदिल्ली
_b किताबघर
_c1986
300 _a128पृ.
_ccm.
650 _aहिन्दी साहित्य
_9156264
942 _hO152,3N33,MA, M6
_cTEXL
_2CC
999 _c361054
_d361054